Ohio City Skylines - Statistics

General Stats
  • This quiz has been taken 473 times
  • The average score is 6 of 7
Answer Stats
Picture Answer % Correct
Cincinnati
99%
Cleveland
92%
Columbus
87%
Akron
84%
Toledo
81%
Dayton
77%
Youngstown
59%
No matching quizzes found
Score Distribution
Percent of People with Each Score
Percentile by Number Answered
Your Score History
You have not taken this quiz